000 01175nam a2200217Ia 4500
003 Ost
005 20260507075804.0
008 260507s9999||||xx |||||||||||||| ||und||
040 _cfsecg
041 _aara
100 _aعيد حنفي، زكي
_eمؤلف
245 0 _aدراسة محاسبية لجدوى المشروعات (ك21) /
_c زكي عيد حنفي
260 _aالقاهرة:
_bمطبعة مركز التعليم المفتوح,
_c1998
300 _a303 صفحة؛
_bإيضاحات ؛
_c24 سم
504 _aملاحق ص.299
520 _aالنشاط الاستثماري و النشاط الجاري، مراحل انشاء المشروع الاستثماري، تبويب المشروعات الاستثمارية وأهمية الدراسة، أهمية استخدام التحليل الكمي في التخطيط والرقابة على المشروعانت الاستثمارية، الاجهزة المشرفة على تقويم المشروعات الاستثمارية
653 _aالاستثمار
653 _aالمشروعات- إستثمار
700 _aحامد، مصطفى صادق
_eمؤلف ثانوي
942 _cكتاب
999 _c46376
_d46376